[Event "Pardubice Czech op-A 24th"]
[Site "Pardubice"]
[Date "2013.07.26"]
[Round "8"]
[White "Griffiths, Ryan Rhys"]
[Black "Lalic, Bogdan"]
[Result "1/2-1/2"]
[WhiteElo "2372"]
[BlackElo "2489"]
[PlyCount "30"]
[EventDate "2013.07.19"]
[EventType "swiss"]
[EventRounds "9"]
[EventCountry "CZE"]
[SourceTitle "CBM 155 Extra"]
[Source "ChessBase"]
[SourceDate "2013.08.26"]
[SourceVersion "1"]
[SourceVersionDate "2013.08.26"]
[SourceQuality "1"]

1. d4 Nf6 2. c4 e6 3. Nc3 Bb4 4. e3 b6 5. Nge2 Ba6 6. a3 Be7 7. Nf4 d5 8. cxd5 Bxf1 9. Kxf1 Nxd5 10. Ncxd5 exd5 11. Qh5 Bg5 12. Ne6 g6 13. Qxg5 fxe6 14. Qxd8+ Kxd8 15. h4 Nd7 1/2-1/2

[Event "Pardubice Czech op-A 24th"]
[Site "Pardubice"]
[Date "2013.07.20"]
[Round "2"]
[White "Griffiths, Ryan Rhys"]
[Black "Nasshan, Dennis"]
[Result "1-0"]
[WhiteElo "2372"]
[BlackElo "2155"]
[PlyCount "159"]
[EventDate "2013.07.19"]
[EventType "swiss"]
[EventRounds "9"]
[EventCountry "CZE"]
[SourceTitle "CBM 155 Extra"]
[Source "ChessBase"]
[SourceDate "2013.08.26"]
[SourceVersion "1"]
[SourceVersionDate "2013.08.26"]
[SourceQuality "1"]

1. d4 Nf6 2. c4 g6 3. Nc3 d5 4. cxd5 Nxd5 5. Bd2 Nb6 6. Nf3 Bg7 7. Bf4 0-0 8. Rc1 c6 9. e3 Bg4 10. Be2 N8d7 11. Bg5 Qe8 12. 0-0 h6 13. Bf4 e5 14. Nxe5 Bxe2 15. Qxe2 Nxe5 16. dxe5 g5 17. Bg3 Bxe5 18. Bxe5 Qxe5 19. f4 gxf4 20. Rxf4 f5 21. Rcf1 Nd7 22. R1f3 Rf6 23. Qc4+ Kh7 24. Ne4 fxe4 25. Rxf6 Nxf6 26. Qf7+ Kh8 27. Rxf6 Qg5 28. Rf4 Qc5 29. Qf6+ Kh7 30. Qf7+ Kh8 31. Qf6+ Kh7 32. Qd4 Qxd4 33. exd4 Kg6 34. Rxe4 Kf6 35. Kf2 Rd8 36. Rf4+ Kg6 37. Ke3 Rd5 38. Ke4 Ra5 39. a3 Rb5 40. Rf2 Rh5 41. g3 Rb5 42. b4 Rd5 43. h4 Rd8 44. Kd3 Rd5 45. g4 Rd7 46. Rf5 Re7 47. Re5 Rf7 48. Re6+ Kg7 49. Ke4 Rd7 50. a4 a6 51. h5 Rf7 52. Ke5 Rd7 53. Rg6+ Kh7 54. Rd6 Re7+ 55. Kf6 Rg7 56. Kf5 Re7 57. Re6 Rg7 58. Kf4 Rd7 59. Ke3 Rg7 60. Kf3 Rf7+ 61. Ke3 Rg7 62. Re4 Kg8 63. Re8+ Kf7 64. Rh8 Rxg4 65. Rxh6 Rg7 66. a5 Ke7 67. Kd3 Kd7 68. Rg6 Rf7 69. h6 Rf3+ 70. Kc4 Rh3 71. Rg7+ Kd6 72. h7 Rh1 73. Rxb7 Rc1+ 74. Kd3 Rh1 75. Ke4 Rh4+ 76. Kf5 Rh1 77. Kf6 Kd5 78. Kg7 Rg1+ 79. Kf8 Rh1 80. Kg8 1-0

[Event "BCF-chT1c 1213 (4NCL) Promotion pool"]
[Site "England"]
[Date "2013.05.05"]
[Round "10.136"]
[White "Kirk, Ezra"]
[Black "Griffiths, Ryan Rhys"]
[Result "1/2-1/2"]
[WhiteElo "2258"]
[BlackElo "2353"]
[PlyCount "49"]
[EventDate "2012.11.03"]
[EventType "team-tourn"]
[EventRounds "4"]
[EventCountry "ENG"]
[SourceTitle "EXT 2014"]
[Source "ChessBase"]
[SourceDate "2013.11.20"]
[SourceVersion "1"]
[SourceVersionDate "2013.11.20"]
[SourceQuality "1"]
[WhiteTeam "Jutes of Kent"]
[BlackTeam "Barbican"]
[WhiteTeamCountry "ENG"]
[BlackTeamCountry "ENG"]

1. d4 Nf6 2. c4 e6 3. Nc3 Bb4 4. e3 0-0 5. Bd3 d5 6. Nf3 c5 7. 0-0 cxd4 8. exd4 dxc4 9. Bxc4 b6 10. Bg5 Bb7 11. Rc1 Nc6 12. Bd3 Ne7 13. a3 Bxc3 14. bxc3 Rc8 15. Re1 Ng6 16. Re3 Qd6 17. Bxf6 gxf6 18. Nd2 f5 19. Qh5 Bxg2 20. Nc4 Qd5 21. Rg3 f4 22. Rg5 Qf3 23. Bxg6 hxg6 24. Rxg6+ fxg6 25. Qxg6+ 1/2-1/2

[Event "BCF-chT1b 1213 (4NCL)"]
[Site "England"]
[Date "2013.03.23"]
[Round "7.183"]
[White "Griffiths, Ryan Rhys"]
[Black "Greet, Andrew"]
[Result "1-0"]
[WhiteElo "2353"]
[BlackElo "2438"]
[PlyCount "55"]
[EventDate "2012.11.03"]
[EventType "team-tourn"]
[EventRounds "7"]
[EventCountry "ENG"]
[SourceTitle "EXT 2014"]
[Source "ChessBase"]
[SourceDate "2013.11.20"]
[SourceVersion "1"]
[SourceVersionDate "2013.11.20"]
[SourceQuality "1"]
[WhiteTeam "Barbican II"]
[BlackTeam "Wood Green Hilsmark II"]
[WhiteTeamCountry "ENG"]
[BlackTeamCountry "ENG"]

1. d4 Nf6 2. c4 e6 3. Nc3 Bb4 4. e3 d5 5. cxd5 exd5 6. Bd3 0-0 7. Nge2 Re8 8. Bd2 c5 9. a3 Bxc3 10. bxc3 Ne4 11. Ng3 Nc6 12. 0-0 Nxg3 13. hxg3 Be6 14. Qb1 h6 15. Qxb7 Na5 16. Qb1 Rb8 17. Qd1 c4 18. Bc2 Rb2 19. Bc1 Rb3 20. Re1 Qd7 21. e4 dxe4 22. Rxe4 Bd5 23. Qg4 Re6 24. Bxh6 g6 25. Rxe6 Qxe6 26. Qd1 Be4 27. d5 Qf5 28. Qd4 1-0

[Event "BCF-chT1b 1213 (4NCL)"]
[Site "England"]
[Date "2013.02.23"]
[Round "5.184"]
[White "Pitcher, John"]
[Black "Griffiths, Ryan Rhys"]
[Result "0-1"]
[WhiteElo "2226"]
[BlackElo "2353"]
[PlyCount "114"]
[EventDate "2012.11.03"]
[EventType "team-tourn"]
[EventRounds "7"]
[EventCountry "ENG"]
[SourceTitle "EXT 2014"]
[Source "ChessBase"]
[SourceDate "2013.11.20"]
[SourceVersion "1"]
[SourceVersionDate "2013.11.20"]
[SourceQuality "1"]
[WhiteTeam "Warwicks Select"]
[BlackTeam "Barbican II"]
[WhiteTeamCountry "ENG"]
[BlackTeamCountry "ENG"]

1. e4 c5 2. Nc3 d6 3. f4 g6 4. Nf3 Bg7 5. Bb5+ Bd7 6. a4 Nc6 7. Bxc6 Bxc6 8. d3 e6 9. 0-0 Ne7 10. Qe1 0-0 11. Qh4 d5 12. Kh1 b6 13. Bd2 dxe4 14. dxe4 Nc8 15. Qh3 Nd6 16. Rae1 Qc8 17. e5 Nf5 18. Ne4 Bxe4 19. Rxe4 Qc6 20. Rfe1 Rfd8 21. Bc3 h5 22. b3 Rd7 23. Nd2 Rad8 24. Nc4 a6 25. a5 b5 26. Nb6 b4 27. Nxd7 bxc3 28. Qxc3 Rxd7 29. Rc4 Bf8 30. Rce4 Qd5 31. Qf3 Nd4 32. Qd3 Nc6 33. Qxd5 Rxd5 34. Ra1 Rd2 35. c3 Rb2 36. b4 cxb4 37. cxb4 Rxb4 38. Rxb4 Bxb4 39. Rc1 Ne7 40. g3 Bxa5 41. Ra1 Bd2 42. Rxa6 g5 43. fxg5 Bxg5 44. Kg2 Ng6 45. Ra5 Bd2 46. Rc5 Be3 47. Rc4 Bg5 48. Rc5 Kg7 49. Kf3 Be7 50. Rb5 Bd8 51. Ke4 Bc7 52. Rc5 Bxe5 53. Rxe5 Nxe5 54. Kxe5 h4 55. g4 h3 56. Ke4 Kg6 57. Kf4 f6 0-1

[Event "Kilkenny Masters"]
[Site "Kilkenny"]
[Date "2012.11.24"]
[Round "3"]
[White "Hebden, Mark"]
[Black "Griffiths, Ryan Rhys"]
[Result "1/2-1/2"]
[WhiteElo "2540"]
[BlackElo "2353"]
[PlyCount "131"]
[EventDate "2012.11.23"]
[EventType "swiss"]
[EventRounds "6"]
[EventCountry "IRL"]
[SourceTitle "CBM 151 Extra"]
[Source "ChessBase"]
[SourceDate "2012.12.18"]
[SourceVersion "1"]
[SourceVersionDate "2012.12.18"]
[SourceQuality "1"]

1. d4 Nf6 2. Nf3 g6 3. Nc3 d5 4. Bf4 Bg7 5. Qd2 0-0 6. Bh6 Ne4 7. Qe3 Qd6 8. Bxg7 Kxg7 9. Nd2 Nxc3 10. Qxc3 Nc6 11. e3 e5 12. dxe5 Qxe5 13. Qxe5+ Nxe5 14. Nb3 a5 15. Nd4 Rd8 16. Be2 h5 17. 0-0-0 Ng4 18. Bxg4 hxg4 19. h4 gxh3 20. gxh3 Rh8 21. h4 Rh5 22. Nb5 Bf5 23. Rd4 Rc8 24. f3 Be6 25. Rf4 c5 26. Nd6 Rb8 27. Rg1 Kf8 28. c4 Ke7 29. cxd5 Rxd5 30. Nc4 Rd3 31. Re4 Kf6 32. Ne5 Rd5 33. Nc4 b5 34. Nxa5 Rf5 35. Rg5 Bxa2 36. Rxf5+ gxf5 37. Rf4 Be6 38. b4 c4 39. Nc6 Ra8 40. Nd4 Ra4 41. Nc2 Ra8 42. Kb2 Rg8 43. Nd4 Ke5 44. Nxb5 Rb8 45. Nd4 Rxb4+ 46. Kc3 Ra4 47. Nxe6 Ra3+ 48. Kd2 c3+ 49. Kc2 fxe6 50. Rc4 Kd5 51. Rxc3 Ra4 52. Rd3+ Ke5 53. Rd4 Ra2+ 54. Kd3 Rh2 55. Ra4 Kf6 56. Rd4 Ke5 57. Kc3 Rf2 58. f4+ Kf6 59. Rd8 Rh2 60. Rh8 Kg7 61. Rh5 Kg6 62. Rh8 Kg7 63. Re8 Kf7 64. Ra8 Rxh4 65. Kd4 Rh3 66. Rb8 1/2-1/2

[Event "Olympiad-40"]
[Site "Istanbul"]
[Date "2012.09.05"]
[Round "8.3"]
[White "Solomon, Stephen J"]
[Black "Griffiths, Ryan Rhys"]
[Result "1-0"]
[WhiteElo "2378"]
[BlackElo "2362"]
[PlyCount "57"]
[EventDate "2012.08.28"]
[EventType "team-swiss"]
[EventRounds "11"]
[EventCountry "TUR"]
[SourceTitle "CBM 151"]
[Source "ChessBase"]
[SourceDate "2012.11.13"]
[SourceVersion "1"]
[SourceVersionDate "2012.11.13"]
[SourceQuality "1"]
[WhiteTeam "Australia"]
[BlackTeam "Ireland"]
[WhiteTeamCountry "AUS"]
[BlackTeamCountry "IRL"]

1. e4 c5 2. Nf3 d6 3. d4 cxd4 4. Nxd4 Nf6 5. Nc3 a6 6. Bg5 Nbd7 7. Bc4 Qb6 8. Bb3 e6 9. Qd2 Be7 10. 0-0-0 Nc5 11. f3 Qc7 12. Kb1 0-0 13. g4 b5 14. a3 Rb8 15. h4 Bd7 16. Bxf6 Bxf6 17. g5 Be7 18. h5 a5 19. g6 Bf6 20. h6 hxg6 21. Qh2 Rfc8 22. Nf5 exf5 23. Nd5 Qd8 24. hxg7 Kxg7 25. Nxf6 Qxf6 26. Rxd6 Be6 27. e5 Qg5 28. Qh7+ Kf8 29. Bxe6 1-0

[Event "Olympiad-40"]
[Site "Istanbul"]
[Date "2012.09.03"]
[Round "6.2"]
[White "Griffiths, Ryan Rhys"]
[Black "Dukaczewski, Piotr"]
[Result "0-1"]
[WhiteElo "2362"]
[BlackElo "2228"]
[PlyCount "80"]
[EventDate "2012.08.28"]
[EventType "team-swiss"]
[EventRounds "11"]
[EventCountry "TUR"]
[SourceTitle "CBM 151"]
[Source "ChessBase"]
[SourceDate "2012.11.13"]
[SourceVersion "1"]
[SourceVersionDate "2012.11.13"]
[SourceQuality "1"]
[WhiteTeam "Ireland"]
[BlackTeam "IBCA"]
[WhiteTeamCountry "IRL"]

1. d4 d5 2. c4 dxc4 3. e4 c5 4. d5 e6 5. Bxc4 Nf6 6. Nc3 exd5 7. exd5 a6 8. Nf3 Bd6 9. Qe2+ Qe7 10. Qxe7+ Kxe7 11. 0-0 Bf5 12. Re1+ Kd8 13. Ne5 Bg6 14. Bf4 Kc7 15. Nxg6 hxg6 16. Re7+ Nbd7 17. Bxd6+ Kxd6 18. Rxf7 Ne5 19. Rxg7 Nxc4 20. Rxg6 Ke5 21. g4 Raf8 22. Re1+ Kd4 23. Rd1+ Ke5 24. Re1+ Kd4 25. Ne2+ Kd3 26. Nf4+ Kd2 27. Re2+ Kd1 28. b3 Nd2 29. Re3 Nd7 30. Rg7 Rxf4 31. Rxd7 Rxg4+ 32. Rg3 Rxg3+ 33. hxg3 b5 34. Rc7 c4 35. bxc4 bxc4 36. f4 Ke2 37. Kg2 Kd3 38. f5 c3 39. Re7 Ne4 40. Rc7 c2 0-1